00427nam a2200157 a 450000500170000001000150001702000260003203500140005803700090007208200060008110000220008724500430010926000420015227000530019430000220024720250530161651.0 aENG-145078 c299.00a9789386473684 aEN-128610 bDBAD aN aDickens, Charles  aDavid Copperfield/cby Charles Dickens aNew Delhi bVistasta Publishingc2019 a2/15 Ansari Road, Daryaganj,bNew Delhi e110002 a199p. c22cm(pb)